00482nam a2200157Ia 4500003000900000008004100009020001800050040001600068080001300084245009500097260004000192300001500232650004100247650001100288700002500299IN-BaIIA211028s9999 xx 000 0 eng d a0-471-27729-0 cIIA Library a535bPHY 0aPhysics programsbopticscedited by A. D. Boardman  aChichesterbJohn Wiley & Sonsc1980 avii, 123p. aAstronomy and astrophysics thesaurus aOptics aBoardman, A. D., ed.